| 000 | 00495 a2200205 4500 | ||
|---|---|---|---|
| 001 | 112073 | ||
| 020 | _a9789728958503 | ||
| 041 | _apor | ||
| 090 | _aP Year 7 [E] | ||
| 100 | _aGautier, Théophile. | ||
| 250 | _a1.Ed. | ||
| 490 | _aClássicos Zéfiro | ||
| 697 | _aRomance. | ||
| 830 | _aClássicos Zéfiro | ||
| 856 | _u00001f/00001fee.jpg | ||
| 040 |
_aBR-BrIDEA _cBR-BrIDEA |
||
| 245 | 1 | 0 |
_aO romance da Múmia _c Théophile Gautier |
| 260 |
_a[S.l.] _bZefiro _c2008 |
||
| 942 | _cBK | ||
| 999 |
_c112073 _d112073 |
||